000 00921nas a2200277 4500
001 BR9500504
003 BR-BrBNA
005 20231205093828.0
007 ta
008 230509b bl.|||p| |||| 00| 00por d
040 _aBR-BrBNA
_bpor
_cBiblioteca Nacional de Agricultura
041 _a(Pt)
072 _aL02
100 1 _aDuarte, U.G.
100 1 _aSilva, H.M.
100 1 _aGoncalves, L.C.
100 1 _aQueiroz, C.I.A.
245 1 _aSubstituicao da silagem de milho pela palha de feijao tratada ou nao com hidroxido de sodio ou hidroxido de amonia, para novilhos em confinamento
650 _aNovilho de Corte
650 _aConfinamento
650 _aSilagem
650 _aHidroxido de Sodio
773 0 _tArquivo Brasileiro de Medicina Veterinaria e Zootecnia (Brazil)
_xISSN 0102-0935
_g(Jun 1992), v. 44(3) p. 215-225
_wBR9500504
909 _a202311
_bLúcia
_c55
_dLúcia Elande
942 _2AGRIS
_n0
_cANA
999 _c140610
_d140610